[Event "AUTO-ADV-4758"]
[Site "http://www.queenalice.com/game.php?id=1840720"]
[Date "2024.7.23"]
[Round "2"]
[White "Fauquinelle"]
[Black "paloberto2"]
[Result "1/2-1/2"]
[WhiteElo "1856"]
[BlackElo "1967"]

1. d4 Nf6 2. c4 e6 3. Nf3 Nc6 4. Nc3 Bb4 5. Qc2 d6 6. Bd2 O-O 7. a3 Bxc3 8. Bxc3
d5 9. e3 Ne4 10. Bb4 Re8 11. Bd3 Nxb4 12. axb4 f5 13. b3 b6 14. b5 Bb7 15. Ne5
Qg5 16. Bxe4 dxe4 17. O-O-O Qxg2 18. Rdg1 Qh3 19. Qe2 Qh4 20. Rg3 Qe7 21. h4 a6
22. Nc6 Bxc6 23. bxc6 Qa3+ 24. Qb2 Qxb2+ 25. Kxb2 b5 26. Kc3 Rf8 27. Rhg1 Rf7
28. f4 Kh8 1/2-1/2

[Event "AUTO-ADV-4758"]
[Site "http://www.queenalice.com/game.php?id=1840721"]
[Date "2024.7.23"]
[Round "2"]
[White "paloberto2"]
[Black "Fauquinelle"]
[Result "1-0"]
[WhiteElo "1938"]
[BlackElo "1853"]

1. d4 d5 2. c4 c6 3. Nc3 Nf6 4. Bg5 e6 5. Nf3 Nbd7 6. e3 Qa5 7. a3 Ne4 8. Qc2
Nxg5 9. Nxg5 c5 10. cxd5 exd5 11. Nxh7 Be7 12. f4 g6 13. Ng5 Nf6 14. Bd3 Rh6 15.
O-O Ng4 16. Nxd5 Bf8 17. h3 Nxe3 18. Nxe3 cxd4 19. Nc4 Qc7 20. Rae1+ Be7 21. Re4
Bf5 22. Rxd4 Bxd3 23. Qxd3 Bc5 24. Qe4+ Kf8 25. Rd1 Rd8 26. Kh1 Bxd4 27. Rxd4 b5
28. Rxd8+ Qxd8 29. Ne5 f6 30. Ne6+ 1-0

[Event "AUTO-ADV-4758"]
[Site "http://www.queenalice.com/game.php?id=1840724"]
[Date "2024.7.23"]
[Round "2"]
[White "Capixabba789"]
[Black "paloberto2"]
[Result "1-0"]
[WhiteElo "1857"]
[BlackElo "1958"]

1. d4 Nf6 2. Nc3 e6 3. e4 Bb4 4. Bd2 Bxc3 5. Bxc3 Nxe4 6. Nf3 Nxc3 7. bxc3 a6 8.
Bd3 Nc6 9. O-O O-O 10. c4 Nb4 11. Be4 f5 12. Bd3 Nxd3 13. cxd3 d6 14. Re1 b6 15.
a4 Bb7 16. Rxe6 Qd7 17. Qe1 Rae8 18. d5 Rxe6 19. dxe6 Qe7 20. d4 Be4 21. d5 Qg5
22. Ra3 Qh5 23. Re3 g5 24. Nxg5 Qxg5 25. Rg3 Qxg3 26. hxg3 Re8 27. Qe3 Re7 28.
Qg5+ Kf8 29. Qf6+ 1-0

[Event "AUTO-ADV-4758"]
[Site "http://www.queenalice.com/game.php?id=1840725"]
[Date "2024.7.23"]
[Round "2"]
[White "paloberto2"]
[Black "Capixabba789"]
[Result "1-0"]
[WhiteElo "1951"]
[BlackElo "1949"]

1. d4 e5 2. dxe5 Bc5 3. Nf3 d6 4. Bg5 Ne7 5. Nc3 Nbc6 6. exd6 cxd6 7. e4 O-O 8.
Bc4 Qc7 9. O-O Ng6 10. Nd5 Qb8 11. a3 a6 12. b4 Ba7 13. h3 Be6 14. c3 h6 15. Bc1
Nce5 16. Nxe5 dxe5 17. Bb3 Qd8 18. c4 Bd4 19. Ra2 Rc8 20. Bb2 Bxb2 21. Rxb2 Qg5
22. Qf3 Kh8 23. Rd1 Nf4 24. Nxf4 exf4 25. c5 Bxb3 26. Rxb3 Rfd8 27. Rbd3 Rxd3
28. Rxd3 Qf6 29. Qd1 Re8 30. f3 g5 31. Rd6 Qg7 32. Rd7 Rb8 33. Qd4 Kh7 34. e5 h5
35. Qd5 1-0

[Event "AUTO-ADV-4758"]
[Site "http://www.queenalice.com/game.php?id=1840726"]
[Date "2024.7.23"]
[Round "2"]
[White "wiktormool"]
[Black "paloberto2"]
[Result "0-1"]
[WhiteElo "1889"]
[BlackElo "1973"]

1. c4 Nf6 2. Nc3 e6 3. a3 Nc6 4. g3 Be7 5. Bg2 d6 6. Bxc6+ bxc6 7. Nf3 c5 8. e4
Bb7 9. Qa4+ Nd7 10. d3 O-O 11. Bd2 Nb6 12. Qb3 f5 13. a4 a5 14. h4 fxe4 15. dxe4
Rxf3 16. Bf4 Bxe4 0-1

[Event "AUTO-ADV-4758"]
[Site "http://www.queenalice.com/game.php?id=1840727"]
[Date "2024.7.23"]
[Round "2"]
[White "paloberto2"]
[Black "wiktormool"]
[Result "0-1"]
[WhiteElo "2007"]
[BlackElo "1899"]

1. d4 e6 2. e4 d5 3. Nc3 Bb4 4. Bd2 Bxc3 5. bxc3 dxe4 6. Qg4 g6 7. Qxe4 Nd7 8.
Nf3 c6 9. Be2 Ngf6 10. Qd3 h6 11. O-O b6 12. a4 Bb7 13. Rfe1 c5 14. Be3 Qc7 15.
Qd2 Ne4 16. Bf4 e5 17. Bxe5 Nxe5 18. Qf4 Nxf3+ 19. Qxf3 O-O-O 20. Bc4 Ng5 21.
Qf6 Qc6 22. Qxc6+ Bxc6 23. Re7 Rd7 24. Rxd7 Bxd7 25. Bb5 a5 26. Re1 Bxb5 27.
axb5 Ne6 28. d5 Nf4 29. c4 Kd7 30. g3 Nh3+ 31. Kg2 Ng5 32. f4 Nh7 33. Kf3 Re8
0-1

[Event "Challenge"]
[Site "http://www.queenalice.com/game.php?id=1840910"]
[Date "2024.7.27"]
[Round "-"]
[White "jogo"]
[Black "paloberto2"]
[Result "0-1"]
[WhiteElo "1706"]
[BlackElo "1967"]

1. e4 c5 2. Nf3 d6 3. d4 cxd4 4. Nxd4 e5 5. Nb3 Nf6 6. Bg5 h6 7. Be3 Nxe4 8. f3
Nf6 9. Bb5+ Nc6 10. c4 Be6 11. Qe2 Be7 12. N1d2 O-O 13. O-O-O a6 14. Ba4 Rc8 15.
Kb1 Nb4 16. a3 Nc6 17. g4 d5 18. Qf2 d4 19. Ne4 Nxe4 20. fxe4 Bxg4 21. Rdg1 dxe3
22. Qxe3 Bg5 23. Qg3 Be6 24. h4 Bf6 25. Rd1 Qc7 26. Rdf1 Qe7 27. Rf3 Bxc4 28.
Nd2 Nd4 29. Rf2 b5 30. Nxc4 Rxc4 31. Bd1 Rfc8 32. Rhf1 R8c6 33. b3 Rc3 34. Qg1
Nxb3 35. Ka2 Nc1+ 36. Kb1 Qxa3 37. Rg2 Nb3 0-1

[Event "Challenge"]
[Site "http://www.queenalice.com/game.php?id=1840911"]
[Date "2024.7.27"]
[Round "-"]
[White "paloberto2"]
[Black "jogo"]
[Result "1-0"]
[WhiteElo "1963"]
[BlackElo "1899"]

1. d4 Nf6 2. c4 g6 3. Nc3 d5 4. Nf3 Bg7 5. Bg5 c6 6. e3 O-O 7. Be2 h6 8. Bf4 g5
9. Be5 g4 10. Nd2 Bf5 11. O-O Nbd7 12. Bf4 dxc4 13. Bxc4 b5 14. Bb3 1-0

[Event "Challenge"]
[Site "http://www.queenalice.com/game.php?id=1841676"]
[Date "2024.8.10"]
[Round "-"]
[White "jogo"]
[Black "paloberto2"]
[Result "0-1"]
[WhiteElo "1675"]
[BlackElo "1990"]

1. e4 c5 2. Nf3 d6 3. d4 cxd4 4. Nxd4 Nf6 5. Nc3 e5 6. Nf3 Be7 7. Bb5+ Nc6 8.
Bg5 a6 9. Qd2 axb5 10. Nxb5 Nxe4 11. Bxe7 Kxe7 12. Qd5 Nf6 13. Qd2 Qa5 14. Qxa5
Nxa5 15. O-O-O Ne4 16. Rhf1 Rd8 17. Nd2 Nxd2 18. Rxd2 Nc4 19. Re2 Rxa2 20. c3
Ra1+ 0-1

[Event "Challenge"]
[Site "http://www.queenalice.com/game.php?id=1841677"]
[Date "2024.8.10"]
[Round "-"]
[White "paloberto2"]
[Black "jogo"]
[Result "1-0"]
[WhiteElo "1987"]
[BlackElo "1663"]

1. d4 Nf6 2. c4 g6 3. Nc3 d5 4. Bg5 e6 5. Nf3 Bb4 6. a3 Bxc3+ 7. bxc3 dxc4 8. e4
O-O 9. e5 b5 10. Bxf6 Qd5 11. Qd2 1-0

[Event "Challenge"]
[Site "http://www.queenalice.com/game.php?id=1842748"]
[Date "2024.8.30"]
[Round "-"]
[White "jogo"]
[Black "paloberto2"]
[Result "1-0"]
[WhiteElo "1724"]
[BlackElo "1993"]

1. e4 c5 2. Nf3 d6 3. d4 cxd4 4. Nxd4 a6 5. Be3 Nf6 6. f3 e5 7. Ne2 Nc6 8. c4
Be6 9. Nec3 Be7 10. a3 Qc7 11. Nd5 Na5 12. Nxc7+ 1-0

[Event "Challenge"]
[Site "http://www.queenalice.com/game.php?id=1842749"]
[Date "2024.8.30"]
[Round "-"]
[White "paloberto2"]
[Black "jogo"]
[Result "0-1"]
[WhiteElo "1958"]
[BlackElo "1792"]

1. d4 Nf6 2. c4 g6 3. Nc3 d5 4. Nf3 Bg7 5. e3 O-O 6. Be2 c6 7. O-O Bg4 8. h3 Bf5
9. Bd3 Bxd3 10. Qxd3 dxc4 11. Qxc4 b5 12. Qd3 b4 13. Ne4 Nxe4 14. Qxe4 e6 15.
Bd2 a5 16. a3 Qd5 17. Qxd5 cxd5 18. Rfc1 Nd7 19. Rc7 Nb6 20. b3 bxa3 21. Rxa3
Rfc8 22. Rb7 Ra6 23. Bxa5 Rca8 24. Nd2 Rxa5 25. Rxa5 Rxa5 26. Rxb6 Ra1+ 27. Kh2
Ra2 28. Nf1 Rxf2 29. Kg1 Rb2 30. b4 Rb1 31. b5 Bf8 32. Kf2 Rb2+ 33. Kf3 Rb1 34.
Nd2 Rb2 35. Ke2 Bb4 36. Rc6 Rxd2+ 37. Kf3 Rb2 38. Rc8+ Kg7 39. Rb8 Be1 40. Rb7
h5 41. Rb8 Rf2+ 42. Kg3 Rf5+ 43. Kh2 h4 0-1

[Event "Challenge"]
[Site "http://www.queenalice.com/game.php?id=1842764"]
[Date "2024.8.31"]
[Round "-"]
[White "jogo"]
[Black "paloberto2"]
[Result "0-1"]
[WhiteElo "1859"]
[BlackElo "1945"]

1. e4 c5 2. Nf3 Nc6 3. d4 cxd4 4. Nxd4 e5 5. Nb3 Nf6 6. Bg5 Be7 7. N1d2 O-O 8.
f3 h6 9. Be3 d5 10. a3 d4 11. Bf2 Qc7 0-1

[Event "Challenge"]
[Site "http://www.queenalice.com/game.php?id=1842765"]
[Date "2024.8.31"]
[Round "-"]
[White "paloberto2"]
[Black "jogo"]
[Result "0-1"]
[WhiteElo "1966"]
[BlackElo "1838"]

1. d4 Nf6 2. c4 g6 3. Nc3 d5 4. Bg5 e6 5. Nf3 Bg7 6. e3 O-O 7. Be2 h6 8. Bh4 g5
9. Nxg5 hxg5 10. Bxg5 Kh7 11. Bd3+ Kh8 12. Qf3 Nbd7 13. cxd5 Re8 14. e4 e5 15.
Ne2 exd4 16. Nxd4 Ne5 17. Qe2 Nxd3+ 18. Qxd3 Rxe4+ 19. Qxe4 Nxe4 20. Bxd8 Bxd4
21. Ke2 Bg4+ 22. f3 Nf2 23. Rhf1 Rxd8 24. fxg4 Nxg4 25. Rxf7 Be5 26. h3 Nf6 27.
Rf1 Nxd5 28. R1f5 Bxb2 29. Rf8+ Rxf8 30. Rxf8+ Kg7 31. Rd8 Nf4+ 32. Kf3 Ne6 33.
Rd7+ Kf6 34. g4 Be5 35. Ke4 Nc5+ 0-1

[Event "Challenge"]
[Site "http://www.queenalice.com/game.php?id=1853618"]
[Date "2025.3.10"]
[Round "-"]
[White "Richardlim"]
[Black "paloberto2"]
[Result "1-0"]
[WhiteElo "1892"]
[BlackElo "1935"]

1. c4 Nf6 2. Nc3 e6 3. Nf3 Be7 4. g3 c6 5. Bg2 d5 6. cxd5 exd5 7. e3 O-O 8. O-O
Be6 9. b3 Qc7 10. Bb2 Nbd7 11. d3 Ng4 12. Ne2 Bf6 13. d4 Be7 14. Qc2 b6 15. Rac1
c5 16. dxc5 bxc5 17. Qc3 Bf6 18. Qd2 Rab8 19. Nf4 Bxb2 20. Qxb2 Ngf6 21. Nd4 Qe5
22. Nd3 Qd6 23. Nf3 Bf5 24. Nf4 Rfe8 25. h4 h6 26. h5 Ng4 27. Nh4 Be4 28. Bxe4
dxe4 29. Rcd1 Qc6 30. Nf5 Ngf6 31. Rd6 Qc7 32. Rfd1 Ne5 33. Nd5 Nxd5 34. R6xd5
f6 35. Nd6 Red8 36. Nb5 Qa5 37. Rxd8+ Rxd8 38. Rxd8+ Qxd8 39. Qe2 Qd7 40. Kg2
Nd3 41. Nc3 f5 42. f3 Qe8 43. fxe4 fxe4 44. Qg4 Ne1+ 45. Kf2 Nd3+ 46. Ke2 Qe5
47. Nxe4 Nc1+ 48. Kf3 Nxa2 49. Qc8+ Kh7 50. Qxc5 Qb8 51. Qc2 Nb4 52. Nf6+ 1-0

[Event "Challenge"]
[Site "http://www.queenalice.com/game.php?id=1853619"]
[Date "2025.3.10"]
[Round "-"]
[White "paloberto2"]
[Black "Richardlim"]
[Result "1/2-1/2"]
[WhiteElo "1917"]
[BlackElo "1857"]

1. h4 Nc6 2. h5 b6 3. d4 e6 4. Nc3 Bb7 5. e4 a6 6. Nf3 d6 7. Bf4 Qd7 8. Qd2 Be7
9. O-O-O O-O-O 10. d5 Na7 11. Ng5 Bf6 12. Nf3 h6 13. Bc4 e5 14. Be3 Kb8 15. Rh3
Rc8 16. Qe2 b5 17. Bb3 Ne7 18. Nh4 Bxh4 19. Rxh4 Qd8 20. g3 f5 21. f3 g6 22.
hxg6 Nxg6 23. Rxh6 Rg8 24. Rdh1 f4 25. gxf4 exf4 26. Bd2 Qe8 27. Qh2 Qf8 28. Ne2
Rd8 29. Nxf4 Nxf4 30. Bxf4 Nc8 31. c3 a5 32. a3 a4 33. Bc2 Ne7 34. Bd3 Ba6 35.
Kc2 Ng6 36. Bg5 Re8 37. f4 Kb7 38. Rf1 Ne7 39. b3 axb3+ 40. Kxb3 Nc8 41. Qe2 Na7
42. a4 c6 43. dxc6+ Kxc6 44. axb5+ Bxb5 45. Bxb5+ Nxb5 46. Qc4+ Kb6 47. e5 Rc8
48. Rxd6+ Qxd6 49. exd6 Rxc4 50. Kxc4 Nxd6+ 51. Kd5 Nf5 52. Rb1+ Kc7 53. c4 Ne3+
54. Kd4 Re8 55. Rb5 Ng4 56. Rd5 Nh2 57. c5 Nf3+ 58. Kd3 Kc6 59. Rd8 Rxd8+ 60.
Bxd8 Kxc5 61. Ke4 Nd2+ 62. Ke5 Nc4+ 63. Ke6 Ne3 64. Ke5 Nc4+ 65. Ke4 Nd6+ 66.
Kd3 Kd5 67. Ke3 Ke6 68. Bc7 Nc4+ 69. Kd3 Nb2+ 70. Ke4 Na4 71. f5+ Kf6 72. Be5+
Kf7 73. Kd5 Nb6+ 74. Kc6 Nc4 75. Kd5 Ne3+ 76. Ke4 Nxf5 77. Kxf5 1/2-1/2

[Event "Challenge"]
[Site "http://www.queenalice.com/game.php?id=1867952"]
[Date "2026.1.15"]
[Round "-"]
[White "Richardlim"]
[Black "paloberto2"]
[Result "0-1"]
[WhiteElo "1894"]
[BlackElo "1936"]

1. c4 Nf6 2. d4 e6 3. Nc3 Be7 4. e4 d5 5. e5 Nfd7 6. cxd5 Nb6 7. dxe6 Bxe6 8.
Nf3 Nc6 9. Bb5 Bd7 10. O-O a6 11. Be2 O-O 12. a3 Be6 13. Be3 Nc4 14. Bxc4 Bxc4
15. Re1 f6 16. d5 Nxe5 17. Nxe5 fxe5 18. b3 Bb5 19. Nxb5 axb5 20. b4 c6 21. Ra2
cxd5 22. Qb3 Kh8 23. Bc1 Bf6 24. Rae2 Re8 25. Bb2 d4 26. Qd3 Qd7 27. Rc1 Rac8
28. Rxc8 Rxc8 29. f3 Rc4 30. h3 g6 31. Kh2 Qf5 32. Rd2 Bg5 33. Qxf5 gxf5 34. Re2
Be3 35. g3 h5 36. h4 Kh7 37. Kh3 Kg6 38. f4 e4 39. Kg2 Bc1 40. Bxc1 Rxc1 41. Ra2
d3 42. Kh3 e3 43. a4 d2 44. axb5 d1=Q 45. Rh2 Qg4+ 46. Kg2 Rc2+ 0-1

[Event "Challenge"]
[Site "http://www.queenalice.com/game.php?id=1867953"]
[Date "2026.1.15"]
[Round "-"]
[White "paloberto2"]
[Black "Richardlim"]
[Result "1-0"]
[WhiteElo "1950"]
[BlackElo "1880"]

1. e4 c5 2. Nf3 d6 3. Bb5+ Bd7 4. Nc3 a6 5. Bc4 e6 6. d4 cxd4 7. Nxd4 Be7 8. Qg4
Bf8 9. Qf3 Qc7 10. Bb3 Nf6 11. Bg5 Qc5 12. Bxf6 gxf6 13. Qxf6 Rg8 14. Nxe6 Bxe6
15. Bxe6 Qc7 16. O-O Qe7 17. Qxe7+ Bxe7 18. Bf5 h5 19. Nd5 Bd8 20. Rad1 Nd7 21.
Nf4 Be7 22. Nxh5 Ne5 23. f4 Nc4 24. Rd3 Rd8 25. b3 Nb6 26. Rc3 Nd7 27. Rc7 b5
28. Ra7 Nb8 29. Rc7 Nd7 30. Rd1 Rh8 31. g4 Rg8 32. c4 bxc4 33. Rxc4 Nc5 34. b4
Na4 35. Rc6 Ra8 36. Rd3 a5 37. bxa5 Nc5 38. Ra3 Ne6 39. Ra4 Kd7 40. Rb6 Rgb8 41.
Rxb8 Rxb8 42. Bxe6+ fxe6 43. g5 Rb1+ 44. Kg2 Rb2+ 45. Kh3 Re2 46. a6 Re3+ 47.
Ng3 d5 48. a7 dxe4 49. a8=Q Rf3 50. Qxe4 Rxg3+ 51. Kxg3 1-0